00505nam a2200193 a 4500001001300000003000900013005001700022008004100039020001000080082001400090100002700104245002500131260004100156300000900197500003500206505002400241650001900265700002700284nice12345678IN_TiNIC20260116011534.0050524s1948 lona grp 000 0 eng  ac10000a270bBAR1 aBarnes, Ernest William aRise of Christianity aLondonbLongmans, Green and Coc1948 a356p aincludes index and biblioraphy2 aIndex, Bibliography aChurch-History1 aBarnes, Ernest William